Turismo como nuevas formas de acumulación y conflictividad socio-ambiental relacionada a los recursos hídricos: perspectivas para Guanacaste /
Guardado en:
| Hovedforfatter: | |
|---|---|
| Format: | Texto |
| Tags: |
Tilføj Tag
Ingen Tags, Vær først til at tagge denne postø!
|
MARC
| LEADER | 00000 a a2200000 04500 | ||
|---|---|---|---|
| 001 | 8913 | ||
| 003 | |||
| 040 | |||
| 100 | |a Ramírez Cover, Alonso | ||
| 245 | |a Turismo como nuevas formas de acumulación y conflictividad socio-ambiental relacionada a los recursos hídricos: perspectivas para Guanacaste / |c Alonso Ramírez Cover | ||
| 773 | |g volumen 5, número 2; página 23 | ||
| 999 | |c 33958 |d 33958 | ||
